Central Library OPAC University of Rajshahi

Secondary education / (Record no. 46687)

MARC details
000 -LEADER
fixed length control field 00764nam a22002537a 4500
001 - CONTROL NUMBER
control field 46687
003 - CONTROL NUMBER IDENTIFIER
rucl marc code BD-RjUL
005 - DATE AND TIME OF LATEST TRANSACTION
control field 20211209054205.0
008 - FIXED-LENGTH DATA ELEMENTS--GENERAL INFORMATION
fixed length control field 160803s1950 nyua|||| |||| 00| 0 eng d
035 ## - SYSTEM CONTROL NUMBER
System control number (BD-RjUL)46806
040 ## - CATALOGING SOURCE
Original cataloging agency BD-RjUL
Language of cataloging eng
Transcribing agency BD-RjUL
041 ## - LANGUAGE CODE
Language code of text/sound track or separate title eng
082 ## - DEWEY DECIMAL CLASSIFICATION NUMBER
Classification number 373
Author mark and year BRS 1950
100 ## - MAIN ENTRY--PERSONAL NAME
Personal name Briggs, Thomas Henry
9 (RLIN) 142320
245 ## - TITLE STATEMENT
Title Secondary education /
Statement of responsibility, etc. Thomas Henry Briggs, J. Paul Leonard [and] Joseph Justman
250 ## - EDITION STATEMENT
Edition statement Rev. ed.
260 ## - PUBLICATION, DISTRIBUTION, ETC. (IMPRINT)
Place of publication, distribution, etc. New York:
Name of publisher, distributor, etc. Macmillan,
Date of publication, distribution, etc. 1950.
300 ## - PHYSICAL DESCRIPTION
Pagination ix, 468 p.
Illustrations ill. ;
Size 22 cm.
650 ## - SUBJECT ADDED ENTRY--TOPICAL TERM
Topical term or geographic name as entry element Education, Secondary.
9 (RLIN) 142321
Topical term or geographic name as entry element Education
General subdivision Curricula.
9 (RLIN) 126765
700 ## - ADDED ENTRY--PERSONAL NAME
Personal name Leonard, J. Paul
Personal name Justman, Joseph
942 ## - ADDED ENTRY ELEMENTS (KOHA)
Source of classification or shelving scheme Dewey Decimal Classification
Koha item type Books
Holdings
Lost status Source of classification or shelving scheme Damaged status Not for loan Collection code Permanent Location Current Location Shelving location Date acquired Source of acquisition Cost, normal purchase price Total Checkouts Full call number Date last seen Copy number Koha item type
  Dewey Decimal Classification     Non-fiction Central Library, University of Rajshahi Central Library, University of Rajshahi   14/06/1965 B.H. Blackwell 13.00   373 BRS 1950 03/08/2016 C-2 Books